El Salario para efectos de cotización en el Instituto Mexicano del Seguro Social /

Guardat en:
Dades bibliogràfiques
Autor principal: López Enríquez, Elba Marcela (autor)
Altres autors: Martínez Gómez, María del Pilar (autor) (autor)
Format: Thesis Llibre
Idioma:espanyol
Publicat: Guadalajara, México : edición de autor, 1994
Matèries:
Etiquetes: Afegir etiqueta
Sense etiquetes, Sigues el primer a etiquetar aquest registre!

MARC

LEADER 00000nam^a2200000^a^4500
001 000045801
005 20250521000000.0
009 20260310085951.717
037 |a Acervo ITESO - Biblioteca 
041 |a ESP 
090 |a CPU. 179 
100 |a López Enríquez, Elba Marcela  |e (autor) 
245 1 3 |a El Salario para efectos de cotización en el Instituto Mexicano del Seguro Social /  |c E.M. López Enríquez, M. del P. Martínez Gómez. 
264 1 |a Guadalajara, México :  |b edición de autor,  |c 1994 
300 |a 118 p. 
336 |a texto  |b txt  |2 rdacontenido 
337 |a sin mediación  |b n  |2 rdamedio 
338 |a volumen  |b nc  |2 rdasoporte 
502 |a ITESO Tesis de Licenciatura en Contaduría Pública 
649 |a XX 
650 |a Ciencias Administrativas 
650 |a Administración de Sueldos y Salarios 
650 |a Contabilidad -  |x Aspectos Sociales y Culturales 
700 |a Martínez Gómez, María del Pilar  |e (autor) 
910 |a Fondo General 
920 |a Impresos - Tesis del ITESO 
930 |a Colección General 
905 |a 104 
901 |a T025600100  |b IT2  |c TSS  |i 802560  |u 20250521 
902 |a https://opac.biblio.iteso.mx/vufind/Record/000045801